000
00318nam a22001337a 4500
008
170612b xxu||||| |||| 00| 0 eng d
020
_a
9780737721300
041
_a
eng
080
_a
94(100)
100
_a
19
101
_a
SHH
245
_a
LIVING UNDER THE THREAT OF NUCLEARE WAR
_c
MANS.D.C
942
_2
udc
_c
BK
999
_c
16856
_d
16856